Environmental microbiology

Αποθηκεύτηκε σε:
Λεπτομέρειες βιβλιογραφικής εγγραφής
Άλλοι συγγραφείς: Mitchell, Ralph 1934- (Επιμελητής έκδοσης)
Μορφή: Βιβλίο
Γλώσσα:English
Δημοσίευση: New York : Wiley-Liss, c1992
Σειρά:Wiley series in ecological and applied microbiology
Θέματα:
Ετικέτες: Προσθήκη ετικέτας
Δεν υπάρχουν, Καταχωρήστε ετικέτα πρώτοι!

MARC

LEADER 00000nam a2200000 i 4500
001 1/97660
008 000111s1992 eng d
020 |a 0471506478 
035 |l 10056223 
040 |a GR-MY-UA  |b gre  |e aacr 
041 0 |a eng 
082 0 |a 576.15 
245 1 0 |a Environmental microbiology /  |c edited by Ralph Mitchell 
260 |a New York :   |b Wiley-Liss,   |c c1992 
300 |a 410 p. 
490 1 |a Wiley seriesn in ecological and applied microbiology 
504 |a Includes bibliographical references and index 
650 0 0 |a Microbial ecology. 
700 1 |a Mitchell, Ralph  |d 1934-  |4 edt 
830 0 |a Wiley series in ecological and applied microbiology 
852 |a INST  |b LESVOS  |e 20000111  |h 576.15 ENV  |p 005100022256  |q 005100022256  |t BK  |y 0 
901 |a BIBL1-2000-1 
909 |a Λ  |b 071356 
922 |a 1ΕΛΗ  |b 199912  |c ΤΑΚ/ΤΕΘ  |d ΠΑΠΑΣΩΤΗΡΙΟΥ 
950 |a 166-1999-10-11 
970 |a ΤΖΑΦΕΡΗ  |b ΕΥΑΓΓΕΛΙΑ  |z 2000/01/14